L’art commence au moment où j’allume une cigarette : Biographie de Marcel Duchamp (1887-1968) (notice n° 1512782)

détails MARC
000 -LEADER
fixed length control field 01593cam a2200133 4500500
005 - DATE AND TIME OF LATEST TRANSACTION
control field 20251012001829.0
041 ## - LANGUAGE CODE
Language code of text/sound track or separate title fre
042 ## - AUTHENTICATION CODE
Authentication code dc
100 10 - MAIN ENTRY--PERSONAL NAME
Personal name Partouche, Marc
Relator term author
245 00 - TITLE STATEMENT
Title L’art commence au moment où j’allume une cigarette : Biographie de Marcel Duchamp (1887-1968)<br/>
260 ## - PUBLICATION, DISTRIBUTION, ETC.
Name of publisher, distributor, etc. Hermann,<br/>
Date of publication, distribution, etc. 2019.<br/>
520 ## - SUMMARY, ETC.
Summary, etc. Le présent ouvrage se propose non pas d’être une nouvelle approche de l’œuvre de Marcel Duchamp, mais simplement, et en étant la seule en son genre, une vision biographique la plus complète possible. L’une de ses originalités consiste dans le fait que tous les commentaires, analyses, réflexions et éclairages biographiques (en gras dans le texte), autres que purement répertoriés, sont de l’artiste lui-même. Ainsi le livre trame les données objectives, brutes, avec la propre parole de Duchamp en guise d’éclairage, de commentaires ou de compléments d’information. Il suit un découpage au premier degré du genre biographique (année par année, mois par mois, jour par jour) et il tente d’éliminer le plus possible les interprétations (sans y parvenir puisqu’il s’agit, malgré tout, d’un choix). Ces quelques caractéristiques semblent proposer un modèle biographique adéquat pour raconter Marcel Duchamp, artiste chez qui la vie, sa propre vie, constitue le nœud de l’œuvre et, ce faisant, éclairer l’homme et l’œuvre comme ils ne l’ont jamais été.
856 41 - ELECTRONIC LOCATION AND ACCESS
Uniform Resource Identifier <a href="https://shs.cairn.info/l-art-commence-au-moment-ou-j-allume-une-cigarette--9782705697372?lang=fr&redirect-ssocas=7080">https://shs.cairn.info/l-art-commence-au-moment-ou-j-allume-une-cigarette--9782705697372?lang=fr&redirect-ssocas=7080</a>

Pas d'exemplaire disponible.

PLUDOC

PLUDOC est la plateforme unique et centralisée de gestion des bibliothèques physiques et numériques de Guinée administré par le CEDUST. Elle est la plus grande base de données de ressources documentaires pour les Étudiants, Enseignants chercheurs et Chercheurs de Guinée.

Adresse

627 919 101/664 919 101

25 boulevard du commerce
Kaloum, Conakry, Guinée

Réseaux sociaux

Powered by Netsen Group @ 2025